Educació i escola dia rera dia / (Record no. 65898)

MARC details
000 -LEADER
campo de control de longitud fija 00657nam a2200217 i 4500
001 - NÚMERO DE CONTROL
campo de control 65898
003 - IDENTIFICADOR DE NÚMERO DE CONTROL
campo de control ES-MaACL
005 - FECHA Y HORA DE LA ÚLTIMA TRANSACCIÓN
campo de control 20240305175722.0
007 - CAMPO FIJO DE DESCRIPCIÓN FÍSICA--INFORMACIÓN GENERAL
campo de control de longitud fija t|
008 - DATOS DE LONGITUD FIJA--INFORMACIÓN GENERAL
campo de control de longitud fija 040123s1973 sp ||||1| cat d
100 1# - ENTRADA PRINCIPAL--NOMBRE DE PERSONA
Nombre de persona Fullat, Octavi (
Fechas asociadas al nombre 1928-)
9 (RLIN) 53001
245 10 - MENCIÓN DEL TÍTULO
Título Educació i escola dia rera dia /
Mención de responsabilidad, etc. Octavi Fullat i Genis.
250 ## - MENCION DE EDICION
Mención de edición [1ª ed.].
260 ## - PUBLICACIÓN, DISTRIBUCIÓN, ETC.
Lugar de publicación, distribución, etc. [Barcelona] :
Nombre del editor, distribuidor, etc. Portic,
Fecha de publicación, distribución, etc. [1973]
300 ## - DESCRIPCIÓN FÍSICA
Extensión VIII, 396 p. ;
Dimensiones 20 cm.
490 1# - MENCIÓN DE SERIE
Mención de serie Col·lecció Pórtic 71 ;
Designación de volumen o secuencia 6
650 #7 - PUNTO DE ACCESO ADICIONAL DE MATERIA--TÉRMINO DE MATERIA
Término de materia o nombre geográfico como elemento de entrada Enseñanza-
Subdivisión geográfica Cataluña
Fuente del encabezamiento o término
9 (RLIN) 144805
830 0# - PUNTO DE ACCESO ADICIONAL DE SERIE-TÍTULO UNIFORME
Título uniforme Col·lecció Pórtic 71 ;
Designación de volumen o secuencia 6
9 (RLIN) 230773
852 ## - LOCALIZACIÓN
Ubicación ES-MaACL
Número de control de estantería C-54902
Sublocalización o colección R.87652
Holdings
Estatus retirado Estado de pérdida Estado de daño No para préstamo Biblioteca de origen Biblioteca actual Ubicación en estantería Fecha de adquisición Fuente de adquisición Total de préstamos Signatura topográfica completa Código de barras Visto por última vez Precio de reemplazo Tipo de ítem Koha
        Biblioteca del Ateneo de Madrid Biblioteca del Ateneo de Madrid Depósito 2 17/01/2008     C-54902 1069037 23/02/2023 23/02/2023 Libro impreso